Normal view
MARC view
- Maalik Rabia
Entry Personal Name
001 - CONTROL NUMBER
- control field: 120212
003 - CONTROL NUMBER IDENTIFIER
- control field: NUST
005 - DATE AND TIME OF LATEST TRANSACTION
- control field: 20240201154212.0
008 - FIXED-LENGTH DATA ELEMENTS
- fixed length control field: 240201|| aca||aabn | a|a d
040 ## - CATALOGING SOURCE
- Original cataloging agency: NUST
- Transcribing agency: NUST
100 ## - HEADING--PERSONAL NAME
- Personal name: Maalik Rabia
670 ## - SOURCE DATA FOUND
- Source citation: Work cat.: (NUST): Maalik Rabia, GREEN SUPPLY CHAIN NETWORK DESIGN TO STUDY THE EFFECTS OF WASTE MANAGEMENT ON ENVIRONMENT/
